00547nam a2200181Ia 4500008004100000020001500041082001600056100002700072245004400099250000800143260002700151300001000178500002400188650002400212942000700236952010500243999001700348230524s9999 xx 000 0 und d a0684840154 a401.11bCOV aStephen R.Covey916929 4aThe Habits of Highly Effective Familes a1ST aNEW DELHIbSimonc1997 aX;392 aQuantity Number: 1 aMiscellaneous91877 cBK 00104070aTATCLbTATCLcGENd2023-05-24l0o401.11 COVp4248r2023-05-24w2023-05-24yBKzBECS2212 c25620d25620